LEADER 02702nam 2200445 n 450 001 996390792503316 005 20200824121731.0 035 $a(CKB)4940000000106739 035 $a(EEBO)2240877798 035 $a(UnM)99860394e 035 $a(UnM)99860394 035 $a(EXLCZ)994940000000106739 100 $a19850603d1657 uy | 101 0 $aeng 135 $aurbn||||a|bb| 200 14$aThe expert doctors dispensatory$b[electronic resource] $eThe whole art of physick restored to practice. The apothecaries shop, and chyrurgions closet open'd; wherein all safe and honest practices are maintained, and dangerous mistakes discovered; and what out of subtilty for their own profits they have indeavoured to reserve to themselves, now at last impartially divulged and made common. Together with a strict survey of the dispensatories of the most renowned colledges of the world ... Containing, ... the Latine names of all simples and compounds English'd. ... the vertues, qualities, properties, quantities, and uses of all simples and componnds [sic]. ...the way of prescribing remedies; ... the nature, qualities, and symptomes of all diseases ... cautions for the applying all both internal and external medicines. To which is added by Jacob a Brunn ... a compendium of the body of physick; wherein all the medicaments vniversal and particular, simple and compound, are fitted to the practice of physick; and these forms of remedies now before prescribed by the famous P. Morellus, .. 210 $aLondon, $cPrinted for N. Brook at the Angel in Cornhil neer the Royal Exchange$d1657 215 $a[30], 471, [9] p 300 $aA translation, edited by Nicholas Culpeper, of: Morel, Pierre. Methodus praescribendi formulas remediorum elegantissima. 300 $a"The physicall magazeen. Or A systeme of the matter of physick, .. by Doctor Jacob A Brunn" has separate dated title page; register and pagination are continuous. 300 $aAnnotation on Thomason copy: "August. 4.". 300 $aReproduction of the original in the British Library. 330 $aeebo-0018 606 $aMedicine$vEarly works to 1800 606 $aPharmacy$vEarly works to 1800 606 $aDispensatories$zGreat Britain$vEarly works to 1800 615 0$aMedicine 615 0$aPharmacy 615 0$aDispensatories 700 $aMorel$b Pierre$0334713 701 $aBrunn$b Johannes Jacobus$f1591-1660.$01007405 701 $aCulpeper$b Nicholas$f1616-1654.$0793347 801 0$bCu-RivES 801 1$bCu-RivES 801 2$bCStRLIN 801 2$bWaOLN 906 $aBOOK 912 $a996390792503316 996 $aThe expert doctors dispensatory$92320695 997 $aUNISA